The pirate chase / (Record no. 2625)

MARC details
000 -LEADER
fixed length control field 01476cam a22003493a 4500
005 - DATE AND TIME OF LATEST TRANSACTION
control field 20240105124116.0
020 ## - INTERNATIONAL STANDARD BOOK NUMBER
International Standard Book Number 1423100204
020 ## - INTERNATIONAL STANDARD BOOK NUMBER
International Standard Book Number 9781423100201
040 ## - CATALOGING SOURCE
Original cataloging agency GEC
Transcribing agency GEC
Modifying agency GEC
-- BAKER
-- IHI
-- SRB
-- MNL
-- BTCTA
-- DLC
Language of cataloging eng
050 00 - LIBRARY OF CONGRESS CALL NUMBER
Classification number PZ7.K53148
082 04 - DEWEY DECIMAL CLASSIFICATION NUMBER
Classification number 331
Edition number 22
100 1# - MAIN ENTRY--PERSONAL NAME
Personal name Kidd, Rob
245 14 - TITLE STATEMENT
Title The pirate chase /
Statement of responsibility, etc. by Rob Kidd ; illustrated by Jean-Paul Orpinas
246 1# - VARYING FORM OF TITLE
Display text At head of title:
Title proper/short title Disney pirates of the Caribbean, Jack Sparrow
246 3# - VARYING FORM OF TITLE
Title proper/short title Pirates of the Caribbean, Jack Sparrow
250 ## - EDITION STATEMENT
Edition statement First Edition
260 ## - PUBLICATION, DISTRIBUTION, ETC.
Place of publication, distribution, etc. New York :
Name of publisher, distributor, etc. Disney Press,
Date of publication, distribution, etc. 2006
300 ## - PHYSICAL DESCRIPTION
Extent 119 pages :
Other physical details illustrations ;
Dimensions 19 cm
490 1# - SERIES STATEMENT
Series statement Jack Sparrow ;
Volume/sequential designation 3
505 ## - FORMATTED CONTENTS NOTE
Formatted contents note H
520 ## - SUMMARY, ETC.
Summary, etc. "Jack and company are hot on the trail of the notorious pirate Left Foot Louis, who they believe is currently in possession of the Sword of Cortés. But chasing down a fierce seafarer is challenging even for Jacks formidable crew. And to top it all off, newly appointed first mate Arabella has a personal score to settle with Louis, but could jeopardize the entire mission!"--Publisher.
521 ## - TARGET AUDIENCE NOTE
Target audience note 500
Source Lexile estimate
521 ## - TARGET AUDIENCE NOTE
Target audience note H
Source Raz-Plus
650 #0 - SUBJECT ADDED ENTRY--TOPICAL TERM
Topical term or geographic name entry element Pirates
Form subdivision Juvenile fiction.
650 #0 - SUBJECT ADDED ENTRY--TOPICAL TERM
Topical term or geographic name entry element Treasure troves
Form subdivision Juvenile fiction.
650 #1 - SUBJECT ADDED ENTRY--TOPICAL TERM
Topical term or geographic name entry element Pirates
Form subdivision Fiction.
650 #1 - SUBJECT ADDED ENTRY--TOPICAL TERM
Topical term or geographic name entry element Buried treasure
Form subdivision Fiction.
700 1# - ADDED ENTRY--PERSONAL NAME
Personal name Orpinas, Jean-Paul
Relator term illustrator
906 ## - LOCAL DATA ELEMENT F, LDF (RLIN)
a 7
b cbc
c copycat
d 2
e ncip
f 20
g y-gencatlg
942 ## - ADDED ENTRY ELEMENTS (KOHA)
Source of classification or shelving scheme Dewey Decimal Classification
Koha item type Books
Suppress in OPAC No
999 ## -
-- 2625
-- 2625
Holdings
Withdrawn status Lost status Source of classification or shelving scheme Damaged status Not for loan Collection Home library Current library Shelving location Date acquired Total Checkouts Full call number Barcode Date last seen Date last checked out Price effective from Koha item type
    Dewey Decimal Classification     Juvenile Fiction Footprints International School Library Network Toul Kork Campus Footprints International School Library Network Toul Kork Campus   01/05/2024 3 KID 331 PZ7.K53148 FIS00035 05/09/2025 04/24/2025 01/05/2024 Books